01268nam a2200361 i 45000010005000000030009000050050017000140080041000310150018000720200015000900350021001050400028001260410008001540460009001620800011001710800012001821000038001942450190002322600082004223000039005043800016005433880014005593880014005735040042005876580028006296550030006576500014006876500027007016500024007286500015007527100042007678560097008091483KOSZ 00520200630132815.0000320s1980 pl a f |000 0 pol d aPB 1980/10129 a830102044X a(OCoLC)749492221 aWA NcWA NdKOSZ 005/EC0 apol k1980 a624.13 a(075.8)1 aKostrzewski, Włodzimierz.eAutor10aMechanika gruntów :bparametry geotechniczne gruntów budowlanych oraz metody ich wyznaczania : [skrypt dla studentów wyższych szkół technicznych] /cWłodzimierz Kostrzewski. aWarszawa ;aŁódź :bPańst. Wydaw. Naukowe,c1980e(Łódź :fZGWN). a284 s. :bil. tab. wykr. ;c24 cm. aKsiążki a1901-2000 a1945-1989 aBibliogr. oraz wykaz norm s. 282-284. aInżynieria i technika 4aPodręczniki akademickie 4aMechanika 4aGeologia inżynierska 4aMechanika gruntów 4aFundamenty2 aPaństwowe Wydawnictwo Naukowe4pbl. uhttp://koha.tu.koszalin.pl/cgi-bin/koha/opac-detail.pl?biblionumber=1483yKatalog online BPK